Surficial geology and geomorphology of the Lake Tapps quadrangle, Washington /

"A study of glacial, interglacial, and postglacial deposits in part of the Puget Sound lowland and in the foothills of the adjacent Cascade Range."

Bibliographic Details
Main Author: Crandell, Dwight R. (Dwight Raymond), 1923-2009
Format: Government Document Book
Language:English
Published: Washington : U.S. Govt. Print. Off, 1963.
Series:Geologic studies in the Puget Sound lowland, Washington.
Geological Survey professional paper ; 388-A.
Subjects:

MARC

Tag First Indicator Second Indicator Subfields
LEADER 00000cam a2200000 4500
001 in00002784866
005 20191012063055.0
008 700413s1963 dcuab b 001 0 eng
010 |a  76605555  
035 |a (OCoLC)ocm00065494 
035 |a (OCoLC)65494 
040 |a DLC  |c DLC  |d IAS  |d OCLCQ  |d OCLCG  |d ZEM  |d UtOrBLW 
043 |a n-us-wa 
049 |a TXAM 
050 0 4 |a QE75  |b .P9 no. 388-A 
082 0 |a 550/.8 s 
086 0 |a I 19.16:388-A 
100 1 |a Crandell, Dwight R.  |q (Dwight Raymond),  |d 1923-2009. 
245 1 0 |a Surficial geology and geomorphology of the Lake Tapps quadrangle, Washington /  |c by Dwight R. Crandell. 
264 1 |a Washington :  |b U.S. Govt. Print. Off,  |c 1963. 
300 |a v, 84 pages :  |b illustrations, maps. ;  |c 29 cm. 
336 |a text  |b txt  |2 rdacontent 
337 |a unmediated  |b n  |2 rdamedia 
338 |a volume  |b nc  |2 rdacarrier 
490 1 |a Geologic studies in the Puget Sound lowland, Washington 
490 1 |a Geological Survey professional paper 388-A 
500 |a Part of illustrative matter fold. in pocket. 
504 |a Bibliography: pages 80-81. 
520 |a "A study of glacial, interglacial, and postglacial deposits in part of the Puget Sound lowland and in the foothills of the adjacent Cascade Range." 
650 0 |a Glacial epoch  |z Washington (State)  |z Pierce County. 
650 0 |a Geology  |z Washington (State)  |z King County. 
830 0 |a Geologic studies in the Puget Sound lowland, Washington. 
830 0 |a Geological Survey professional paper ;  |v 388-A. 
948 |a cataloged  |b h  |c 2012/12/14  |d c  |e mvaldespin  |f 11:23:55 am 
994 |a C0  |b TXA 
999 |a MARS 
999 f f |s 0898b26e-1265-3670-8901-bd84ba83bddd  |i 5573fdec-9247-332e-b0a9-4039b52fbaa5  |t 0 
952 f f |p normal  |a Texas A&M University  |b College Station  |c Sterling C. Evans Library  |d Evans: US Documents (Annex 5th floor)  |t 0  |e I 19.16:386-A-389  |h Superintendent of Documents classification  |i unmediated -- volume  |m A14837789721 
952 f f |a Texas A&M University  |b College Station  |c Sterling C. Evans Library  |d Evans: US Documents (Annex 5th floor)  |t 0  |e I 19.16:386-A-389  |h Superintendent of Documents classification 
998 f f |a I 19.16:386-A-389  |t 0  |l Evans: US Documents (Annex 5th floor)